000
002650000a22001090004500
090
_a
AR
_b
04606
100
1
_a
Rico Gray, Victor
_9
94796
245
1
0
_a
Ants and tropical flowers
041
0
_a
Inglés
942
_c
ARTICULO
773
1
_t
Biotropica
_h
3
_q
223-224 p.
_d
1980
_g
12
999
_c
13706
_d
13706